| 000 | 01060nam a2200241 a 4500 | ||
|---|---|---|---|
| 001 | 000004777 | ||
| 005 | 20250607073643.0 | ||
| 008 | 090727s2002 dr 000 0 spa d | ||
| 040 | _aDO-SdBNP | ||
| 082 |
_a362.22 _bS211s |
||
| 100 | 1 |
_aSánchez Martínez, Fernando _97183 |
|
| 245 | 1 | 0 |
_aSalud mental en la comunidad : _bguía para la acción / _cFernando Sánchez Martínez, Franklín Gómez Montero ; prólogo Angela Caba. |
| 260 |
_aSanto Domingo : _bSecretaria de Estado de Salud Pública y Asistencia Social, _c2002. |
||
| 300 |
_a241 p. ; _c23 cm. |
||
| 504 | _aIncluye bibliografías (p.231-241). | ||
| 504 | _aIncluye referencias bibliográficas y notas al pie de las páginas. | ||
| 650 | 4 |
_aSalud mental _zRepública Dominicana _91052 |
|
| 650 | 4 |
_aServicios de salud mental para la comunidad _zRepública Dominicana _913882 |
|
| 700 | 1 |
_aGómez Montero, Franklín _99049 |
|
| 700 | 1 |
_aCaba, Angela, _epról. _913883 |
|
| 710 | 1 |
_aRepública Dominicana. _b Secretaria de Estado de Salud Pública y Asistencia Social (2001) _956549 |
|
| 049 | _aBNPD | ||
| 999 |
_c4583 _d4583 |
||